[Event "2nd Tungsram it"]
[Site "Budapest HUN"]
[Date "1976.08.??"]
[Round "6"]
[White "Pinter, Jozsef"]
[Black "Mednis, Edmar John"]
[Result "1/2-1/2"]
[WhiteElo "2420"]
[BlackElo "2435"]
[EventDate "1976.08.04"]
[PlyCount "144"]

1.e4 e6 2.d4 d5 3.e5 c5 4.c3 Nc6 5.Nf3 Qb6 6.a3 c4 7.g3 Na5 8.Nbd2 Bd7 9.
Bh3 Ne7 10.O-O Qc7 11.Nh4 Nc8 12.f4 g6 13.Rb1 Nb6 14.Ndf3 h6 15.Ng2 O-O-O 
16.Bg4 Be7 17.h4 h5 18.Bh3 Kb8 19.Ng5 Rdf8 20.Be3 Ka8 21.Rf3 Nc6 22.g4 
hxg4 23.Bxg4 Nd8 24.Rh3 Qc6 25.Qe2 Qb5 26.Rf1 Qb3 27.h5 gxh5 28.Rxh5 Rxh5 
29.Bxh5 Na4 30.Bc1 Nb6 31.Ne3 f6 32.exf6 Bxf6 33.Ng4 Bg7 34.Bg6 Nc8 35.Ne5
Bxe5 36.Qxe5 Ne7 37.Bh7 Ndc6 38.Qd6 Bc8 39.Nxe6 Bxe6 40.Qxe6 Nf5 41.Bxf5 
Nxd4 42.Qh6 Rg8+ 43.Bg6 Qb6 44.Kh2 Nf5 45.Qh7 Qxg6 46.Qxg6 Rxg6 47.Re1 b6 
48.Re5 Rh6+ 49.Kg2 Nd6 50.Rxd5 Kb7 51.Kg3 Kc6 52.Re5 Rg6+ 53.Kf2 Rh6 54.
Kg3 Rg6+ 55.Rg5 Ne4+ 56.Kg4 Nxg5 57.fxg5 Re6 58.Kf5 Re1 59.Bf4 Kd7 60.Kf6 
Rf1 61.Ke5 Ke7 62.g6 Kf8 63.Bh6+ Kg8 64.Kd5 Rb1 65.Kxc4 Rxb2 66.a4 a6 67.
Kd5 b5 68.axb5 Rxb5+ 69.Kc6 Rb3 70.c4 Rg3 71.Bd2 Rxg6+ 72.Kb7 Rd6 1/2-1/2

[Event "2nd Tungsram it"]
[Site "Budapest HUN"]
[Date "1976.08.??"]
[Round "6"]
[White "Tatai, Stefano"]
[Black "Kholmov, Ratmir"]
[Result "1/2-1/2"]
[WhiteElo "2465"]
[BlackElo "2550"]
[EventDate "1976.08.04"]
[PlyCount "23"]

1.e4 e5 2.Nf3 Nc6 3.Nc3 Nf6 4.Bb5 Nd4 5.Nxd4 exd4 6.e5 dxc3 7.exf6 Qxf6 8.
dxc3 Qe5+ 9.Qe2 Qxe2+ 10.Kxe2 c6 11.Bd3 d5 12.Bf4 1/2-1/2

[Event "2nd Tungsram it"]
[Site "Budapest HUN"]
[Date "1976.08.??"]
[Round "6"]
[White "Szekely, Peter"]
[Black "Weinstein, Norman"]
[Result "0-1"]
[WhiteElo "2460"]
[BlackElo "2430"]
[EventDate "1976.08.04"]
[PlyCount "124"]

1.c4 Nf6 2.Nf3 g6 3.Nc3 Bg7 4.g3 O-O 5.Bg2 d6 6.d4 Nc6 7.O-O Rb8 8.h3 a6 
9.e4 b5 10.e5 Nd7 11.cxb5 axb5 12.Ng5 dxe5 13.Bxc6 exd4 14.Nxb5 Rb6 15.
Nxd4 Nb8 16.Be4 Bxd4 17.Qc2 Na6 18.Rd1 Rd6 19.Bd2 c5 20.Bg2 Bf5 21.Ne4 Qd7
22.Bf4 Bxe4 23.Bxe4 e5 24.Bh6 Rb8 25.Qc1 Qxh3 26.Be3 Qg4 27.Bxd4 cxd4 28.
Bg2 e4 29.Qc4 Rb4 30.Qc2 d3 31.Qc3 Rbd4 32.a3 Qe6 33.Rac1 f5 34.b4 R6d5 
35.Qd2 Kg7 36.Rc3 Rd7 37.Rdc1 Qe7 38.b5 Nc7 39.Qb2 d2 40.Rd1 Kh6 41.Rxc7 
e3 42.Rxd7 Rxd7 43.fxe3 Qxe3+ 44.Kf1 Rd4 45.Bc6 f4 46.Qxd4 Qxd4 47.gxf4 
Qe3 48.b6 Qxb6 49.Bf3 Qe3 50.Kg2 Qxf4 51.a4 Qxa4 52.Rxd2 Kg5 53.Re2 h5 54.
Re4 Qc2+ 55.Kg3 Qc3 56.Kg2 Qd3 57.Kg3 Kf5 58.Rf4+ Ke5 59.Ra4 g5 60.Ra5+ 
Kf6 61.Rd5 Qe3 62.Rd6+ Ke7 0-1

[Event "2nd Tungsram it"]
[Site "Budapest HUN"]
[Date "1976.08.??"]
[Round "6"]
[White "Vadasz, Laszlo"]
[Black "Sax, Gyula"]
[Result "1/2-1/2"]
[WhiteElo "2465"]
[BlackElo "2530"]
[EventDate "1976.08.04"]
[PlyCount "36"]

1.Nf3 Nf6 2.d4 g6 3.c4 Bg7 4.g3 O-O 5.Bg2 d6 6.O-O Nc6 7.Nc3 a6 8.d5 Na5 
9.Nd2 c5 10.Qc2 Rb8 11.b3 b5 12.Bb2 Bh6 13.f4 bxc4 14.bxc4 e5 15.Rae1 exf4
16.gxf4 Nh5 17.e3 Bg7 18.Nd1 Bf5 1/2-1/2

[Event "2nd Tungsram it"]
[Site "Budapest HUN"]
[Date "1976.08.??"]
[Round "7"]
[White "Suetin, Alexei"]
[Black "Jansa, Vlastimil"]
[Result "1/2-1/2"]
[WhiteElo "2525"]
[BlackElo "2490"]
[EventDate "1976.08.04"]
[PlyCount "51"]

1.e4 c5 2.Nf3 d6 3.d4 cxd4 4.Nxd4 Nf6 5.Nc3 e6 6.g3 Be7 7.Bg2 O-O 8.O-O 
Nc6 9.Nde2 a6 10.h3 Qc7 11.g4 b5 12.a3 Bb7 13.Ng3 Rfe8 14.g5 Nd7 15.f4 b4 
16.axb4 Nxb4 17.Kh2 d5 18.exd5 exd5 19.Nf5 Bf8 20.Nd4 Nc5 21.Nce2 Ne4 22.
h4 a5 23.c3 Nc6 24.Nxc6 Bxc6 25.Nd4 a4 26.Qd3 1/2-1/2

[Event "2nd Tungsram it"]
[Site "Budapest HUN"]
[Date "1976.08.??"]
[Round "7"]
[White "Sax, Gyula"]
[Black "Haag, Ervin"]
[Result "1-0"]
[WhiteElo "2530"]
[BlackElo "2430"]
[EventDate "1976.08.04"]
[PlyCount "93"]

1.e4 c6 2.c4 d5 3.exd5 cxd5 4.cxd5 Qxd5 5.Nc3 Qd8 6.d4 e6 7.Nf3 Nf6 8.Bd3 
Be7 9.O-O O-O 10.Bg5 Nc6 11.a3 b6 12.Re1 Bb7 13.Bc2 Rc8 14.Qd3 g6 15.Rad1 
Nd5 16.Bh6 Re8 17.Ba4 Bf6 18.Ne4 Bg7 19.Bg5 f6 20.Bh4 a6 21.Bg3 Bf8 22.b4 
Qd7 23.Rc1 Red8 24.Bb3 Qf7 25.Qe2 Na7 26.Bc4 a5 27.bxa5 bxa5 28.Nc5 Bxc5 
29.dxc5 Rxc5 30.Nd4 e5 31.Nb3 Rc7 32.f4 exf4 33.Bxf4 Rcc8 34.Nxa5 Ba8 35.
Qf2 Kg7 36.Be3 Nc6 37.Ba6 Rc7 38.Nxc6 Rxc6 39.Rxc6 Bxc6 40.Bc4 Re8 41.Rd1 
Re5 42.Bd4 Rf5 43.Qe1 Qc7 44.g3 h5 45.Qe6 Bd7 46.Qe4 Qxc4 47.Bxf6+ 1-0

[Event "2nd Tungsram it"]
[Site "Budapest HUN"]
[Date "1976.08.??"]
[Round "7"]
[White "Honfi, Karoly"]
[Black "Vadasz, Laszlo"]
[Result "0-1"]
[WhiteElo "2460"]
[BlackElo "2465"]
[EventDate "1976.08.04"]
[PlyCount "32"]

1.e4 g6 2.h4 d5 3.h5 dxe4 4.hxg6 fxg6 5.Nc3 Nf6 6.Nh3 Nc6 7.Ng5 Bf5 8.Bb5 
Bg7 9.Rh4 h6 10.Ngxe4 Nxe4 11.Nxe4 Qd5 12.Bxc6+ Qxc6 13.d3 O-O-O 14.Qe2 g5
15.Rh1 Bxe4 16.Qxe4 Qxc2 0-1

[Event "2nd Tungsram it"]
[Site "Budapest HUN"]
[Date "1976.08.??"]
[Round "7"]
[White "Weinstein, Norman"]
[Black "Vogt, Lothar"]
[Result "1/2-1/2"]
[WhiteElo "2430"]
[BlackElo "2480"]
[EventDate "1976.08.04"]
[PlyCount "123"]

1.e4 c5 2.Nf3 e6 3.d4 cxd4 4.Nxd4 Nf6 5.Nc3 d6 6.Be2 Be7 7.O-O O-O 8.f4 
Nc6 9.Be3 e5 10.Nb3 exf4 11.Rxf4 Be6 12.Kh1 d5 13.exd5 Nxd5 14.Nxd5 Qxd5 
15.Qxd5 Bxd5 16.Rd1 Rad8 17.c4 Be6 18.Rff1 Bf6 19.Nc5 Bc8 20.Bc1 Nd4 21.
Bd3 Be7 22.Ne4 Bg4 23.Rde1 Bb4 24.Nc3 Nc6 25.Be4 Be6 26.Bxc6 bxc6 27.Be3 
a6 28.a3 Bxc3 29.bxc3 Bxc4 30.Rf4 Bd5 31.Kg1 Rb8 32.Rb4 a5 33.Rxb8 Rxb8 
34.Bf4 Rc8 35.Rb1 Kf8 36.Rb7 a4 37.g3 Ke8 38.Kf2 c5 39.Rb8 Rxb8 40.Bxb8 
Kd7 41.Ke3 Bc4 42.Ke4 Kc6 43.Ba7 Ba2 44.Ke3 Kd5 45.Bb6 Bb1 46.Ba7 g5 47.
Bb6 h6 48.Ba7 c4 49.Bb8 Bd3 50.h4 Bc2 51.Bc7 Ke6 52.hxg5 hxg5 53.Bd8 Kf5 
54.Be7 Kg4 55.Kf2 f5 56.Bd8 Be4 57.Be7 Bc6 58.Bd8 f4 59.gxf4 Kxf4 60.Bc7+ 
Ke4 61.Kg3 Kd3 62.Ba5 1/2-1/2

[Event "2nd Tungsram it"]
[Site "Budapest HUN"]
[Date "1976.08.??"]
[Round "7"]
[White "Westerinen, Heikki"]
[Black "Szekely, Peter"]
[Result "0-1"]
[WhiteElo "2485"]
[BlackElo "2460"]
[EventDate "1976.08.04"]
[PlyCount "64"]

1.e4 c5 2.Nf3 d6 3.d4 cxd4 4.Nxd4 Nf6 5.Nc3 a6 6.Bg5 e6 7.f4 Qb6 8.Qd2 
Qxb2 9.Nb3 Nc6 10.Bxf6 gxf6 11.Be2 d5 12.Na4 Qa3 13.Nb6 Rb8 14.exd5 Na5 
15.Rb1 Qb4 16.Qxb4 Bxb4+ 17.Nd2 Bc3 18.Rf1 exd5 19.Nxd5 Bxd2+ 20.Kxd2 Be6 
21.Nxf6+ Ke7 22.Ne4 Rhd8+ 23.Kc1 Rbc8 24.Kb2 Bf5 25.Bd3 Nc4+ 26.Ka1 Kf8 
27.Rf2 Rd4 28.Ng5 Bxd3 29.cxd3 Ne3 30.Nxh7+ Kg7 31.Ng5 Nc2+ 32.Kb2 Rb4+ 
0-1

[Event "2nd Tungsram it"]
[Site "Budapest HUN"]
[Date "1976.08.??"]
[Round "7"]
[White "Kholmov, Ratmir"]
[Black "Spiridonov, Nikola"]
[Result "1/2-1/2"]
[WhiteElo "2550"]
[BlackElo "2490"]
[EventDate "1976.08.04"]
[PlyCount "112"]

1.e4 c5 2.Nf3 d6 3.d4 cxd4 4.Nxd4 Nf6 5.Nc3 g6 6.Be3 Bg7 7.Be2 O-O 8.O-O 
Nc6 9.Qd2 d5 10.exd5 Nxd5 11.Rfd1 Nxd4 12.Bxd4 Bxd4 13.Qxd4 Nxc3 14.Qxc3 
Qb6 15.a4 Be6 16.a5 Qc6 17.Qxc6 bxc6 18.b4 Rab8 19.c3 Rfc8 20.f4 c5 21.b5 
c4 22.Rdb1 Rc5 23.b6 axb6 24.axb6 Bd5 25.Kf2 Kg7 26.Bf3 Bxf3 27.Kxf3 Rc6 
28.b7 Rc7 29.Ra7 f5 30.g4 fxg4+ 31.Kxg4 e6 32.Kf3 Kf6 33.Ke4 Rd7 34.h4 Ke7
35.Rb5 Kf6 36.h5 gxh5 37.Rxh5 Rbxb7 38.Rxb7 Rxb7 39.Rh6+ Kg7 40.Rxe6 Rc7 
41.f5 Rc5 42.Kf4 Rc7 43.Kg5 Kf7 44.Rh6 Kg7 45.f6+ Kg8 46.Kf5 Rc5+ 47.Ke6 
Rc6+ 48.Kd5 Rc8 49.Rh4 Kf7 50.Rxh7+ Kxf6 51.Rh4 Ke7 52.Rxc4 Rd8+ 53.Ke5 
Rd3 54.Re4 Kd7 55.Rd4+ Rxd4 56.Kxd4 Kd6 1/2-1/2

[Event "2nd Tungsram it"]
[Site "Budapest HUN"]
[Date "1976.08.??"]
[Round "7"]
[White "Mednis, Edmar John"]
[Black "Tatai, Stefano"]
[Result "1/2-1/2"]
[WhiteElo "2435"]
[BlackElo "2465"]
[EventDate "1976.08.04"]
[PlyCount "70"]

1.e4 c5 2.Nf3 d6 3.d4 cxd4 4.Nxd4 Nf6 5.Nc3 a6 6.Be2 e5 7.Nb3 Be7 8.O-O 
Be6 9.f4 Qc7 10.a4 Nbd7 11.Kh1 O-O 12.Be3 exf4 13.Rxf4 Rfe8 14.a5 Rac8 15.
Nd4 Ne5 16.Nf5 Bf8 17.Bb6 Qc6 18.Ne3 Ng6 19.Rxf6 gxf6 20.Ncd5 Bg7 21.c4 
Qd7 22.Bd3 Ne5 23.Bd4 Bxd5 24.exd5 Nxd3 25.Qxd3 f5 26.Bxg7 Kxg7 27.Nxf5+ 
Kh8 28.Rf1 Re5 29.Qd4 f6 30.Qf4 Rce8 31.Nd4 Re1 32.Ne6 Rxf1+ 33.Qxf1 Qf7 
34.h3 Rxe6 35.dxe6 Qxe6 1/2-1/2

[Event "2nd Tungsram it"]
[Site "Budapest HUN"]
[Date "1976.08.??"]
[Round "7"]
[White "Barczay, Laszlo"]
[Black "Pinter, Jozsef"]
[Result "1/2-1/2"]
[WhiteElo "2485"]
[BlackElo "2420"]
[EventDate "1976.08.04"]
[PlyCount "94"]

1.e4 e5 2.Nf3 Nc6 3.Bb5 a6 4.Ba4 Nf6 5.O-O Be7 6.Re1 b5 7.Bb3 O-O 8.d4 d6 
9.c3 Bg4 10.Be3 d5 11.exd5 exd4 12.Bg5 Na5 13.Bc2 dxc3 14.Nxc3 h6 15.Bxf6 
Bxf6 16.Qd3 g6 17.h3 Bf5 18.Qd1 Bd7 19.Qd2 Bg7 20.Bd3 c6 21.b4 Nb7 22.Rac1
Rc8 23.Ne5 c5 24.a3 c4 25.Bb1 Be8 26.Rcd1 Nd6 27.f4 Qb6+ 28.Kh1 a5 29.f5 
axb4 30.axb4 gxf5 31.Qf4 Qd8 32.Bxf5 Qf6 33.Ng4 Qxf5 34.Qxd6 Qg6 35.Qxg6 
fxg6 36.Ne4 c3 37.Nc5 c2 38.Rc1 Bc3 39.Re2 h5 40.Rexc2 Bxb4 41.Ne5 Ba3 42.
Ncd3 Rd8 43.Ra1 Be7 44.Nc6 Bxc6 45.Rxc6 Rxd5 46.Rxg6+ Kh7 47.Re6 Rxd3 
1/2-1/2

[Event "2nd Tungsram it"]
[Site "Budapest HUN"]
[Date "1976.08.??"]
[Round "8"]
[White "Tatai, Stefano"]
[Black "Barczay, Laszlo"]
[Result "1/2-1/2"]
[WhiteElo "2465"]
[BlackElo "2485"]
[EventDate "1976.08.04"]
[PlyCount "149"]

1.e4 c5 2.Nf3 e6 3.d4 cxd4 4.Nxd4 Nc6 5.Nb5 d6 6.c4 Nf6 7.N5c3 Be7 8.Be2 
O-O 9.O-O b6 10.Bf4 Bb7 11.Re1 a6 12.Bf1 Ra7 13.Na3 Ba8 14.Rc1 Qb8 15.Rc2 
Rd8 16.Rd2 h6 17.Qe2 Rad7 18.Red1 Qb7 19.f3 Ne5 20.c5 bxc5 21.Qxa6 Qxa6 
22.Bxa6 Ng6 23.Bg3 d5 24.exd5 exd5 25.Bb5 Ra7 26.Bc4 Rad7 27.Bb5 Ra7 28.
Bc4 Nf8 29.Rd3 Rad7 30.Bb5 Rb7 31.Nc4 Ne6 32.Na5 Ra7 33.Nc6 Bxc6 34.Bxc6 
d4 35.Na4 Ra6 36.Bb5 Ra5 37.Bc6 Ra6 38.Bb5 Ra5 39.Bc6 c4 40.R3d2 Ra6 41.
Bb5 Ra5 42.Bc6 Ra6 43.Bb5 Ra7 44.Rc1 Ra5 45.Bc6 c3 46.bxc3 Ba3 47.Rb1 Rc8 
48.Bb7 dxc3 49.Rc2 Rc4 50.Nxc3 Rac5 51.Be1 Bb4 52.Ba6 Rxc3 53.Bxc3 Bxc3 
54.Rb8+ Kh7 55.Rc8 Bd4+ 56.Kf1 Rh5 57.Bd3+ g6 58.Bc4 Nd5 59.Bxd5 Rxd5 60.
g3 Bf6 61.Kg2 Rd3 62.f4 Kg7 63.a4 Ra3 64.Ra8 Bc3 65.Rc8 Bb4 66.R8c4 Ba5 
67.Kf1 h5 68.Kg2 Kh6 69.Rf2 Bb6 70.Rb2 Bd8 71.Rf2 Rd3 72.f5 Nd4 73.fxg6 
fxg6 74.Ra2 Nf5 75.Rc8 1/2-1/2

[Event "2nd Tungsram it"]
[Site "Budapest HUN"]
[Date "1976.08.??"]
[Round "8"]
[White "Spiridonov, Nikola"]
[Black "Mednis, Edmar John"]
[Result "1/2-1/2"]
[WhiteElo "2490"]
[BlackElo "2435"]
[EventDate "1976.08.04"]
[PlyCount "59"]

1.c4 g6 2.Nc3 Bg7 3.d4 Nf6 4.Bg5 d6 5.e3 c6 6.Nf3 h6 7.Bh4 g5 8.Bg3 Nh5 9.
Bd3 Nd7 10.Nd2 Nxg3 11.hxg3 Nf6 12.Qc2 Bd7 13.f3 Qc7 14.g4 O-O-O 15.O-O-O 
Kb8 16.Kb1 e6 17.Nde4 Nxe4 18.Nxe4 d5 19.Nc5 Rhe8 20.Rc1 Bc8 21.cxd5 exd5 
22.Rhe1 Bf8 23.Nb3 Bd6 24.Bf5 Re7 25.Re2 Rde8 26.e4 f6 27.Rh1 dxe4 28.fxe4
Rh8 29.Rf2 Bf4 30.a3 1/2-1/2

[Event "2nd Tungsram it"]
[Site "Budapest HUN"]
[Date "1976.08.??"]
[Round "8"]
[White "Szekely, Peter"]
[Black "Kholmov, Ratmir"]
[Result "0-1"]
[WhiteElo "2460"]
[BlackElo "2550"]
[EventDate "1976.08.04"]
[PlyCount "208"]

1.d4 Nf6 2.c4 e6 3.Nc3 Bb4 4.Qc2 O-O 5.Nf3 b6 6.Bg5 Bb7 7.e3 d6 8.Be2 Nbd7
9.O-O Bxc3 10.Qxc3 Ne4 11.Bxd8 Nxc3 12.bxc3 Rfxd8 13.Nd2 Kf8 14.Rfd1 Ke7 
15.Kf1 g5 16.Bf3 Bxf3 17.Nxf3 g4 18.Nd2 Rg8 19.Ke2 Rg5 20.Rh1 Rh5 21.a4 
Rg8 22.Ne4 Nf6 23.Ng3 Ra5 24.Kd3 h5 25.e4 h4 26.Nf1 Nh5 27.Ne3 Nf4+ 28.Kd2
Rh5 29.Rhf1 Rgg5 30.Ra2 Rh6 31.Rb2 a6 32.g3 hxg3 33.hxg3 Nh3 34.Ke1 Rf6 
35.Ke2 Kd7 36.Rc2 Kc8 37.Ra2 Rfg6 38.Kd3 Kb7 39.Rh1 Rh5 40.Rf1 Kc8 41.Rb1 
Rf6 42.Rf1 Rf3 43.Rc2 Ra5 44.Ke2 f5 45.d5 fxe4 46.dxe6 Ng5 47.e7 Kd7 48.
Rh1 Kxe7 49.Nd5+ Kd7 50.Rh5 Nf7 51.Ra2 Rc5 52.a5 Rxa5 53.Rxa5 bxa5 54.Ne3 
Ne5 55.Rh1 Rf8 56.Ra1 Rb8 57.Rxa5 Rb2+ 58.Kf1 Rb1+ 59.Ke2 Rb6 60.Ra4 Rc6 
61.Kd2 Rc5 62.Kc2 a5 63.Ra1 Kc6 64.Kb3 Nd3 65.Nxg4 Rg5 66.Ne3 Nxf2 67.Nd5 
Nd3 68.Rxa5 Nc5+ 69.Kc2 Rxg3 70.Ra7 Rg2+ 71.Kd1 Ne6 72.Ra8 Rg7 73.Re8 Nc5 
74.Ke2 Rf7 75.Ke3 Kd7 76.Rh8 Rf3+ 77.Ke2 c6 78.Rh7+ Ke8 79.Rh8+ Kf7 80.Ne3
Na4 81.Rc8 Nxc3+ 82.Kd2 c5 83.Ra8 Ke6 84.Re8+ Kd7 85.Ra8 Nb1+ 86.Ke2 Rh3 
87.Ng4 Nc3+ 88.Kd2 Ke6 89.Re8+ Kf7 90.Rd8 Ke7 91.Ra8 Rd3+ 92.Kc2 Nd1 93.
Rh8 Ne3+ 94.Nxe3 Rxe3 95.Rh7+ Ke6 96.Rh6+ Ke5 97.Rh5+ Kf4 98.Rh4+ Kg3 99.
Rh6 Rd3 100.Re6 Rd4 101.Kc3 Kf2 102.Rf6+ Ke2 103.Rh6 e3 104.Rf6 Ke1 0-1

[Event "2nd Tungsram it"]
[Site "Budapest HUN"]
[Date "1976.08.??"]
[Round "8"]
[White "Vogt, Lothar"]
[Black "Westerinen, Heikki"]
[Result "1-0"]
[WhiteElo "2480"]
[BlackElo "2485"]
[EventDate "1976.08.04"]
[PlyCount "81"]

1.e4 e5 2.Nf3 Nc6 3.Bb5 a6 4.Ba4 Nf6 5.O-O Be7 6.Re1 b5 7.Bb3 d6 8.c3 Bg4 
9.h3 Bh5 10.d3 O-O 11.Nbd2 d5 12.Qe2 dxe4 13.dxe4 Bd6 14.Nf1 Na5 15.Bc2 
Nd7 16.Ng3 Bg6 17.Nf5 Re8 18.Nxd6 cxd6 19.a4 Qb6 20.Nh4 b4 21.Nxg6 hxg6 
22.Be3 Qb7 23.cxb4 Qxb4 24.Bd2 Qb6 25.Bc3 Rec8 26.Red1 Rab8 27.Rd5 Nc4 28.
Bd3 Nxb2 29.Bxb2 Qxb2 30.Qxb2 Rxb2 31.Rxd6 Nc5 32.Rc1 Rd2 33.Rd5 Rc7 34.
Bxa6 Nxe4 35.Rxc7 Rxd5 36.Bc4 Rd1+ 37.Kh2 Nxf2 38.Rxf7 Rh1+ 39.Kg3 Ne4+ 
40.Kg4 Kh7 41.Rf1 1-0

[Event "2nd Tungsram it"]
[Site "Budapest HUN"]
[Date "1976.08.??"]
[Round "8"]
[White "Haag, Ervin"]
[Black "Honfi, Karoly"]
[Result "1/2-1/2"]
[WhiteElo "2430"]
[BlackElo "2460"]
[EventDate "1976.08.04"]
[PlyCount "29"]

1.e4 e5 2.Nf3 Nc6 3.Bb5 a6 4.Bxc6 dxc6 5.O-O Qe7 6.d4 exd4 7.Qxd4 Bg4 8.
Bf4 Bxf3 9.gxf3 Nf6 10.Nc3 Nh5 11.Bg3 Nxg3 12.hxg3 Qc5 13.Rad1 Qxd4 14.
Rxd4 Bc5 15.Rd3 1/2-1/2

[Event "2nd Tungsram it"]
[Site "Budapest HUN"]
[Date "1976.08.??"]
[Round "8"]
[White "Suetin, Alexei"]
[Black "Sax, Gyula"]
[Result "1/2-1/2"]
[WhiteElo "2525"]
[BlackElo "2530"]
[EventDate "1976.08.04"]
[PlyCount "106"]

1.e4 c5 2.Nf3 d6 3.d4 cxd4 4.Nxd4 Nf6 5.Nc3 e6 6.f4 Be7 7.Be2 Nc6 8.Be3 
O-O 9.O-O e5 10.Nb3 a5 11.a4 Nb4 12.Kh1 Bd7 13.Bb5 Bg4 14.Qd2 Rc8 15.Rac1 
Be6 16.fxe5 Ng4 17.exd6 Bxd6 18.Bg1 Qe7 19.Nd4 Rfd8 20.Nxe6 Qxe6 21.Qe2 
Be5 22.Rcd1 Nf6 23.Bc4 Qc6 24.Bb5 Qc7 25.Rxd8+ Rxd8 26.Bc4 Bxc3 27.bxc3 
Nc6 28.Bd3 Qe5 29.Rb1 Rd7 30.c4 Re7 31.h3 Nh5 32.Bh2 Ng3+ 33.Bxg3 Qxg3 34.
Qf3 Qc7 35.Qf2 Nb4 36.Rf1 Re5 37.Qd4 Nc6 38.Qb2 Rg5 39.Rf5 Rxf5 40.exf5 h6
41.f6 Ne5 42.fxg7 b6 43.Qd4 Kxg7 44.Qf4 Qd6 45.Qe4 Kf8 46.h4 Qf6 47.Kh2 
Nd7 48.Qa8+ Kg7 49.Qe4 Nc5 50.Qg4+ Kf8 51.Qc8+ Kg7 52.Qg4+ Kf8 53.Qc8+ Kg7
1/2-1/2

[Event "2nd Tungsram it"]
[Site "Budapest HUN"]
[Date "1976.08.??"]
[Round "9"]
[White "Sax, Gyula"]
[Black "Jansa, Vlastimil"]
[Result "1-0"]
[WhiteElo "2530"]
[BlackElo "2490"]
[EventDate "1976.08.04"]
[PlyCount "79"]

1.e4 c5 2.Nf3 e6 3.d4 cxd4 4.Nxd4 Nf6 5.Nc3 d6 6.Be3 Be7 7.f4 Nc6 8.Be2 
O-O 9.O-O Qc7 10.Kh1 a6 11.Qe1 Nxd4 12.Bxd4 b5 13.Qg3 Bb7 14.a3 Bc6 15.
Rae1 Qb7 16.Bd3 b4 17.axb4 Qxb4 18.Ne2 Qb7 19.e5 Nh5 20.Qh3 g6 21.Ng3 dxe5
22.Bxe5 Ng7 23.Bc3 f6 24.Bc4 Bd5 25.Bxd5 Qxd5 26.Rf3 Rf7 27.Ne2 Re8 28.Nd4
Bc5 29.Nb3 Bb6 30.Rd3 Qc6 31.Qf3 Qxf3 32.Rxf3 Rd8 33.g3 Rd6 34.Ra1 Bd8 35.
Nc5 Ra7 36.Rd3 Rxd3 37.cxd3 a5 38.Nb3 Rd7 39.Nxa5 Rxd3 40.Nc6 1-0

[Event "2nd Tungsram it"]
[Site "Budapest HUN"]
[Date "1976.08.??"]
[Round "9"]
[White "Honfi, Karoly"]
[Black "Suetin, Alexei"]
[Result "1-0"]
[WhiteElo "2460"]
[BlackElo "2525"]
[EventDate "1976.08.04"]
[PlyCount "81"]

1.e4 c5 2.Nf3 e6 3.d4 cxd4 4.Nxd4 a6 5.Bd3 g6 6.O-O Bg7 7.Be3 Ne7 8.c4 O-O
9.Nc3 d6 10.Qd2 Nd7 11.Rac1 b6 12.Rfd1 Bb7 13.Bf1 Nc8 14.Bh6 Re8 15.Bxg7 
Kxg7 16.b4 Ra7 17.Nb3 Qf6 18.a4 Ba8 19.a5 Rc7 20.Qe3 bxa5 21.Nxa5 Qe7 22.
Na4 Kg8 23.c5 dxc5 24.bxc5 Bc6 25.Nb6 Nb8 26.Nac4 Rd8 27.e5 Nxb6 28.cxb6 
Rcd7 29.Nd6 f6 30.f4 fxe5 31.fxe5 Bd5 32.Bc4 Kg7 33.Bxd5 exd5 34.Qd4 Qe6 
35.Rf1 Re7 36.Rc7 Nd7 37.b7 Rb8 38.Nc8 Rf7 39.Rxf7+ Kxf7 40.Nb6 Rd8 41.
Nxd7 1-0

[Event "2nd Tungsram it"]
[Site "Budapest HUN"]
[Date "1976.08.??"]
[Round "9"]
[White "Weinstein, Norman"]
[Black "Haag, Ervin"]
[Result "1-0"]
[WhiteElo "2430"]
[BlackElo "2430"]
[EventDate "1976.08.04"]
[PlyCount "82"]

1.e4 c5 2.Nf3 e6 3.d4 cxd4 4.Nxd4 Nf6 5.Nc3 d6 6.f4 Nc6 7.Be3 Be7 8.Qf3 e5
9.Nxc6 bxc6 10.f5 Qa5 11.O-O-O Rb8 12.Bc4 d5 13.exd5 Ba3 14.bxa3 Qxc3 15.
Bxa7 Qb2+ 16.Kd2 cxd5 17.Bxb8 Qxb8 18.Bxd5 O-O 19.Kc1 e4 20.Bxe4 Qe5 21.
Rhe1 Bd7 22.Bd3 Qc5 23.Qb7 Qxa3+ 24.Qb2 Qa4 25.g3 Bc6 26.Qb3 Qa5 27.Bc4 
Qxf5 28.Bxf7+ Kh8 29.Qe6 Qg5+ 30.Qe3 Qa5 31.Bb3 h6 32.Qd4 Bf3 33.Qe5 Qa3+ 
34.Qb2 Qa5 35.Re5 Qa7 36.Rde1 Ne4 37.R5xe4 Bxe4 38.Qe5 Bg6 39.Kb2 Rc8 40.
Qe3 Qa5 41.Re2 Kh7 1-0

[Event "2nd Tungsram it"]
[Site "Budapest HUN"]
[Date "1976.08.??"]
[Round "9"]
[White "Westerinen, Heikki"]
[Black "Vadasz, Laszlo"]
[Result "0-1"]
[WhiteElo "2485"]
[BlackElo "2465"]
[EventDate "1976.08.04"]
[PlyCount "80"]

1.e4 d6 2.d4 Nf6 3.Nc3 g6 4.Bg5 h6 5.Bh4 Bg7 6.f4 c5 7.dxc5 Qa5 8.Qd2 Qxc5
9.Nf3 Nc6 10.O-O-O Be6 11.h3 O-O 12.g4 Qa5 13.a3 Rfc8 14.Kb1 b5 15.Bxf6 
Bxf6 16.Nd5 Bxd5 17.Qxa5 Ba2+ 18.Kxa2 Nxa5 19.c3 Rab8 20.e5 dxe5 21.fxe5 
Bg7 22.Rd7 Nc6 23.e6 fxe6 24.Bg2 a5 25.Nh4 Kf7 26.Rf1+ Bf6 27.Be4 Ne5 28.
Ra7 Kg7 29.Nf3 Nxf3 30.Rxf3 b4 31.cxb4 axb4 32.a4 Rc4 33.Ra8 Rb6 34.Re3 
b3+ 35.Kb1 Rd6 36.Bf3 Rb4 37.Rc8 Rd2 38.Re2 Rd3 39.Rf2 Rxa4 40.Rc6 Re3 0-1

[Event "2nd Tungsram it"]
[Site "Budapest HUN"]
[Date "1976.08.??"]
[Round "9"]
[White "Kholmov, Ratmir"]
[Black "Vogt, Lothar"]
[Result "1/2-1/2"]
[WhiteElo "2550"]
[BlackElo "2480"]
[EventDate "1976.08.04"]
[PlyCount "80"]

1.e4 c5 2.Nf3 e6 3.b3 d6 4.Bb5+ Bd7 5.Bxd7+ Nxd7 6.O-O Ngf6 7.Re1 Be7 8.
Bb2 O-O 9.d4 cxd4 10.Nxd4 d5 11.exd5 Nxd5 12.Nd2 Nc5 13.N2f3 Bf6 14.Qe2 
Qb6 15.Ne5 Rad8 16.Ndf3 Qa6 17.Qxa6 Nxa6 18.Red1 b5 19.a4 b4 20.Bd4 Rc8 
21.Bxa7 Rxc2 22.Bd4 Nc3 23.Bxc3 Rxc3 24.Rab1 Rfc8 25.Nd7 Nc5 26.Nxc5 R8xc5
27.Kf1 Rd5 28.Rxd5 exd5 29.Ne1 Kf8 30.Ke2 Rc6 31.Nd3 Re6+ 32.Kf1 Bc3 33.
Rc1 g5 34.h3 Ke7 35.Rc2 Kd6 36.Re2 Re4 37.g4 h5 38.Rxe4 dxe4 39.Ne1 hxg4 
40.hxg4 Bd4 1/2-1/2

[Event "2nd Tungsram it"]
[Site "Budapest HUN"]
[Date "1976.08.??"]
[Round "9"]
[White "Barczay, Laszlo"]
[Black "Spiridonov, Nikola"]
[Result "1/2-1/2"]
[WhiteElo "2485"]
[BlackElo "2490"]
[EventDate "1976.08.04"]
[PlyCount "44"]

1.e4 c5 2.Nf3 d6 3.d4 cxd4 4.Qxd4 a6 5.c4 Nc6 6.Qd1 g6 7.Be2 Bg7 8.O-O Nf6
9.Nc3 O-O 10.Bg5 Nd7 11.Qd2 Nc5 12.Bh6 Bg4 13.Bxg7 Kxg7 14.Nd4 Be6 15.Rfe1
f6 16.Nc2 Bf7 17.Rad1 a5 18.Bf1 a4 19.Nd5 Qa5 20.Qf4 Bg8 21.Nce3 e5 22.Qh4
Nd4 1/2-1/2

[Event "2nd Tungsram it"]
[Site "Budapest HUN"]
[Date "1976.08.??"]
[Round "9"]
[White "Pinter, Jozsef"]
[Black "Tatai, Stefano"]
[Result "1/2-1/2"]
[WhiteElo "2420"]
[BlackElo "2465"]
[EventDate "1976.08.04"]
[PlyCount "28"]

1.Nf3 Nf6 2.g3 g6 3.b3 Bg7 4.Bb2 O-O 5.Bg2 a5 6.a4 d5 7.d4 Bf5 8.O-O c6 9.
Nc3 Ne4 10.Nh4 Nxc3 11.Bxc3 Bg4 12.Qd2 f6 13.f3 Bc8 14.f4 f5 1/2-1/2

[Event "2nd Tungsram it"]
[Site "Budapest HUN"]
[Date "1976.08.??"]
[Round "10"]
[White "Jansa, Vlastimil"]
[Black "Tatai, Stefano"]
[Result "1/2-1/2"]
[WhiteElo "2490"]
[BlackElo "2465"]
[EventDate "1976.08.04"]
[PlyCount "48"]

1.Nf3 Nf6 2.g3 b5 3.Bg2 Bb7 4.O-O e6 5.d3 Be7 6.e4 O-O 7.e5 Ne8 8.a4 b4 9.
Nbd2 d6 10.Nc4 dxe5 11.Ncxe5 Nf6 12.a5 c5 13.c3 Na6 14.Qa4 Qe8 15.Qb3 Bd5 
16.c4 Bb7 17.Be3 Nd7 18.d4 cxd4 19.Bxd4 Ndc5 20.Bxc5 Nxc5 21.Qe3 Rc8 22.
Rfd1 Kh8 23.Nd4 Bxg2 24.Kxg2 f6 1/2-1/2

[Event "2nd Tungsram it"]
[Site "Budapest HUN"]
[Date "1976.08.??"]
[Round "10"]
[White "Spiridonov, Nikola"]
[Black "Pinter, Jozsef"]
[Result "0-1"]
[WhiteElo "2490"]
[BlackElo "2420"]
[EventDate "1976.08.04"]
[PlyCount "74"]

1.Nf3 Nf6 2.c4 g6 3.b4 Bg7 4.Bb2 O-O 5.e3 c6 6.Be2 a5 7.b5 cxb5 8.cxb5 a4 
9.O-O d6 10.Na3 Nbd7 11.d3 Nc5 12.Qd2 Bd7 13.Rab1 Be6 14.Rfc1 h6 15.h3 Qb6
16.Bd4 Rfc8 17.Qb2 Qd8 18.Nd2 b6 19.Ndc4 Bd5 20.Qd2 Bb7 21.Nc2 e5 22.Ba1 
Rab8 23.d4 Nfe4 24.Qe1 exd4 25.Nxd4 Ng5 26.Kh2 Be4 27.Rb4 Ba8 28.Nd2 Qe7 
29.Qd1 Nge4 30.Nxe4 Nxe4 31.Kg1 Qh4 32.Rxc8+ Rxc8 33.f3 Qf2+ 34.Kh2 Be5+ 
35.f4 Qg3+ 36.Kg1 Nf2 37.Qf1 Rc1 0-1

[Event "2nd Tungsram it"]
[Site "Budapest HUN"]
[Date "1976.08.??"]
[Round "10"]
[White "Szekely, Peter"]
[Black "Barczay, Laszlo"]
[Result "1/2-1/2"]
[WhiteElo "2460"]
[BlackElo "2485"]
[EventDate "1976.08.04"]
[PlyCount "21"]

1.Nf3 Nf6 2.c4 c5 3.Nc3 Nc6 4.g3 g6 5.Bg2 Bg7 6.O-O O-O 7.d4 d6 8.dxc5 
dxc5 9.Bf4 Nd4 10.Be5 Nc6 11.Bf4 1/2-1/2

[Event "2nd Tungsram it"]
[Site "Budapest HUN"]
[Date "1976.08.??"]
[Round "10"]
[White "Haag, Ervin"]
[Black "Westerinen, Heikki"]
[Result "1/2-1/2"]
[WhiteElo "2430"]
[BlackElo "2485"]
[EventDate "1976.08.04"]
[PlyCount "80"]

1.e4 e5 2.Nf3 Nc6 3.Bb5 a6 4.Ba4 d6 5.O-O Bd7 6.c3 Nf6 7.Re1 Be7 8.d4 O-O 
9.Nbd2 Re8 10.Nf1 h6 11.Ng3 Bf8 12.h3 g6 13.Bc2 Bg7 14.Bd2 a5 15.d5 Ne7 
16.c4 b6 17.b3 Rf8 18.a3 Ne8 19.Rb1 f5 20.exf5 Nxf5 21.Bd3 Nf6 22.Ne4 Nxe4
23.Bxe4 Nh4 24.Qe2 Bf5 25.Nxh4 Qxh4 26.f3 Kh7 27.Qf2 Qxf2+ 28.Kxf2 h5 29.
Re2 Bh6 30.Bxh6 Kxh6 31.h4 Kg7 32.Rc1 Kf6 33.Rc3 Rg8 34.Rc1 Rg7 35.Rg1 
Rag8 36.Ree1 g5 37.Bxf5 Kxf5 38.hxg5 Kxg5 39.Re4 Rf8 40.Rh1 Rf4 1/2-1/2